Paroles "Hotel California" - Eagles - Statistiques

Statistiques générales
  • Ce quiz a été pris 74 fois
  • Le résultat moyen est 185 sur 327
Statistiques - réponses
Parôles % Correct
the
98%
The
98%
a
97%
I
95%
California
93%
Hotel
93%
to
93%
To
93%
"We
89%
He
84%
Welcome
84%
On
79%
on
79%
she
79%
She
79%
in
75%
of
75%
Of
75%
be
74%
highway
74%
my
74%
My
74%
place
74%
You
74%
you
74%
lovely
72%
Such
72%
can
70%
hear
70%
for
69%
and
67%
And
67%
up
67%
Up
67%
me
66%
air
62%
night
62%
are
61%
could
61%
desert
61%
face
61%
hair
61%
it
61%
dark
59%
had
59%
Her
57%
is
57%
was
57%
at
56%
said,
56%
said
56%
saw
56%
way
56%
say
54%
This
54%
this
54%
wind
54%
But
52%
Cool
52%
door
52%
heard
52%
they
52%
They
52%
distance
51%
here
51%
So
51%
stop
51%
There
51%
Rising
49%
Any
48%
any
48%
head
48%
hell
48%
or
48%
room
48%
them
48%
time
48%
heaven
46%
never
46%
That
46%
that
46%
through
46%
light
44%
man
44%
1969"
43%
find
43%
leave"
43%
like
43%
Just
41%
just
41%
What
41%
all
39%
myself
39%
remember
39%
stood
39%
were
39%
doorway
38%
mission
38%
nice
38%
showed
38%
smell
38%
thinking
38%
before
36%
bring
36%
Bring
36%
check
36%
corridor
36%
shimmering
36%
thing
36%
year
36%
heavy
34%
pretty,
34%
pretty
34%
since
34%
surprise
34%
your
34%
back
33%
beast
33%
bell
33%
boys
33%
can't
33%
down
33%
haven't
33%
middle
33%
out
33%
running
33%
spirit
33%
voices
33%
wine"
33%
ahead
31%
got
31%
kill
31%
Last
31%
Some
31%
with
31%
away
30%
calls
30%
forget
30%
"Please
30%
programmed
30%
Wake
30%
captain
28%
colitas
28%
far
28%
ice
28%
Plenty
28%
receive
28%
champagne
26%
device"
26%
from
26%
grew
26%
lot
26%
mind
26%
own
26%
passage
26%
called
25%
lit
25%
our
25%
Sweet
25%
their
25%
friends
23%
summer
23%
thought
23%
dance
21%
dim
21%
feast
21%
Mirrors
21%
prisoners
21%
Warm
21%
alibis
20%
pink
20%
chambers
18%
master's
18%
stab
18%
still
18%
Tiffany-twisted
18%
calling
16%
courtyard
16%
gathered
16%
sight
16%
sweat
16%
those
16%
How
15%
knives
11%
danced
10%
steely
10%
celling
8%
They're
7%
livin' it
5%
(such a lovely place)
3%
(any time of year)
2%
candie
2%
(what a nice surprise)
2%
Mercedes-Benz, uh
0%
"Rekax,"
0%
Aucun quiz correspondant
Distribution des résultats
% des personnes avec chaque résultat
Percentile par nombre de réponses
Votre historique - résultats
Vous n’avez pas pris ce quiz